Countries that Make the Most Alcohol - Statistics

General Stats
  • This quiz has been taken 77 times
  • The average score is 12 of 15
Answer Stats
Thousand Metric Tons Country % Correct
9,160 Russia
96%
26,598 United States
96%
9,984 Germany
94%
8,981 France
90%
5,141 United Kingdom
90%
17,076 Brazil
88%
55,112 China
87%
7,350 Italy
87%
12,549 Mexico
86%
8,299 Spain
86%
4,592 Japan
83%
6,885 India
75%
4,850 Poland
74%
4,035 South Korea
54%
4,293 South Africa
43%
No matching quizzes found
Score Distribution
Percent of People with Each Score
Percentile by Number Answered
Your Score History
You have not taken this quiz